000 00298nam a22001337a 4500
008 170527b xxu||||| |||| 00| 0 eng d
020 _a7569
041 _aeng
080 _a621
100 _a27
101 _aIM
245 _aA DIFFERENT APPROACH TO THERMODYNAMICS
_cLUDER, W.F
942 _2udc
_cBK
999 _c14670
_d14670